UM Logo
Normal view MARC view
  • Lifestyle.

Entry Topical Term

Number of records used in: 1

001 - CONTROL NUMBER

  • control field: 41977

003 - CONTROL NUMBER IDENTIFIER

  • control field: OSt

005 - DATE AND TIME OF LATEST TRANSACTION

  • control field: 20200305183639.0

008 - FIXED-LENGTH DATA ELEMENTS

  • fixed length control field: 200305|| aca||aabn | a|a d

040 ## - CATALOGING SOURCE

  • Original cataloging agency: OSt
  • Transcribing agency: OSt

150 ## - HEADING--TOPICAL TERM

  • Topical term or geographic name entry element: Lifestyle.

670 ## - SOURCE DATA FOUND

  • Source citation: Work cat.: (OSt): 41976 de la Costa, Aaron., Luxury becomes smart/, ©2019.